000
00303nam a22001457a 4500
008
221013b ||||| |||| 00| 0 eng d
020
_a
9781437701265
041
_a
eng
080
_a
61
082
_a
61
100
_a
5
101
_a
MJEK
245
_a
INFECTIOUS DISEASES
_c
JONG E
942
_2
udc
_c
BK
999
_c
58547
_d
58547